000 01033cim a2200337Ka 4500
001 54699513
003 OCoLC
005 20180623122829.0
008 040315s1995 nyunnn j d f spa d
020 _a0590846221 (pbk.)
040 _aDVA
_cDVA
_dOCLCQ
041 _aspa
043 _an-mx---
049 _aSX@A
092 0 _a641.5972
_221
099 _aContreras, K.
100 1 _aContreras, Kathleen.
245 1 0 _aPan dulce /
_cEscrito por Kathleen Contreras ; ilustrado por Blanca Dorantes ;version en espanol por Rosa Zubizarreta.
260 _a[New York] :
_bScholastic Inc.,
_c1995.
300 _a24 p. :
_bcol. ill. ;
_c26 cm.)
521 _aRL 1 004-006
650 0 _aBread
_zMexico
_vJuvenile literature.
650 0 _aCookery, Mexican
_vJuvenile literature.
650 0 _aCookery, Mexican.
650 0 _aSpanish language materials.
650 7 _aMateriales en espanol
_2bidex.
650 7 _aCocina mexicana.
_2bidex.
700 1 _aDorantes, Blanca,
_eill.
700 1 _aZubizarreta, Rosa.
942 _cBK
999 _c20961
_d20961